Altiplano

Uloženo v:
Podrobná bibliografie
Hlavní autor: Botelho Gosalvez, Raul
Médium: Kniha
Jazyk:Undetermined
Vydáno: Buenos Aires, Argentina Ayacucho 1940
Témata:
Tagy: Přidat tag
Žádné tagy, Buďte první, kdo vytvoří štítek k tomuto záznamu!

MARC

LEADER 00000nam a2200000Ia 4500
008 170316s9999 xx 000 0 und d
040 |a cru BVZT 
090 |a 860 B-34a 
100 |a Botelho Gosalvez, Raul  |9 1279 
245 |a Altiplano  |c / Raul Botelho Gosalvez 
260 |a Buenos Aires, Argentina  |b Ayacucho  |c 1940 
300 |a 186 páginas 
650 |a LITERATURA LATINOAMERICANA  |9 15 
999 |c 8457  |d 8457 
942 |c 15 D  |h 860 B-34a  |2 z